书目信息 |
| 题名: |
廉洁自律从起步开始
|
|
| 作者: | 林广成 | |
| 分册: | ||
| 出版信息: | 北京 东方出版社 2023.07 |
|
| 页数: | ||
| 开本: | ||
| 丛书名: | ||
| 单 册: | ||
| 中图分类: | D261.4 | |
| 科图分类: | ||
| 主题词: | 中国共产党 | |
| 电子资源: | ||
| ISBN: | 7-5207-3390-4 | |
| 000 | 00572nam0 2200193 450 | |
| 001 | 2459553230 | |
| 005 | 20240422083750.73 | |
| 010 | @a7-5207-3390-4@dCNY59.80 | |
| 100 | @a20240419d2023 km y0chiy0120 ea | |
| 101 | 0 | @achi |
| 102 | @aCN@b110000 | |
| 102 | @aCN@b110000 | |
| 200 | 1 | @a廉洁自律从起步开始@ALian Jie Zi Lu Cong Qi Bu Kai Shi@f林广成@FLin Guang Cheng |
| 210 | @a北京@d2023.07@c东方出版社 | |
| 606 | 0 | @a中国共产党 |
| 690 | @aD261.4@v4 | |
| 701 | 0 | @a林广成@ALin Guang Cheng |
| 801 | 0 | @aCN@b大连网信软件有限公司图书馆·11@c20240422 |
| 905 | @aZUCC@dD261.4@e2047 | |
| 廉洁自律从起步开始/林广成.-北京,2023.07:东方出版社 |
| ISBN 7-5207-3390-4:CNY59.80 |
| ● |
| 相关链接 |
|
|
|
|
正题名:廉洁自律从起步开始
索取号:D261.4/2047
 
预约/预借
| 序号 | 登录号 | 条形码 | 馆藏地/架位号 | 状态 | 备注 |
| 1 | 1057184 | 210571843 | 廉洁文化教育区/ [索取号:D261.4/2047] | 在馆 |